Un Passeig per la història del teatre català /

por Ylla, Josep

Publicado: Barcelona : Diputació de Barcelona , 1985
Descripción Física: 2 pàgs. ; il. b/n ; 29 cm.
Colección: Arrel : revista editada per la Diputació de Barcelona ; Núm. 11 (octubre, 1985) ; pàgs. 64-65

MARC

LEADER 00000nab a2200000 a 4500
001 8161
003 Arxiu
005 20260324175952.0
008 160829s9999 xx 000 0 cat d
100 |a Ylla, Josep  |9 42803 
245 |a Un Passeig per la història del teatre català /   |c Josep Ylla 
260 |a Barcelona :   |b Diputació de Barcelona ;   |c 1985 
300 |a 2 pàgs. ;   |b il. b/n ;   |c 29 cm. 
490 |a Arrel : revista editada per la Diputació de Barcelona ;   |v Núm. 11 (octubre, 1985) ; pàgs. 64-65  |x 0211-562X 
650 |a Teatre català  |x Història  |x S. XX  |9 42804 
856 4 |u https://media.diba.cat/diba/fitxers/arxiu/hemeroteca/arrel/8161/bib_8161_1984_1986_n03_a11_baixa.pdf  |y bib_8161_1984_1986_baixa.pdf 
856 4
901 |a Arxiu 
942 |n 1  |2 udc  |c Articles de revista 
952 |0 0  |1 0  |2 udc  |4 0  |6 REV94  |7 1  |9 51039  |a Arxiu  |b Arxiu  |d 2016-12-01  |o Rev-94  |r 2016-12-01 00:00:00  |w 2016-12-01  |y ARXIU 
999 |c 54882  |d 54882 
900 |a bib_8161_1984_1986_n03_a11_baixa.pdf